|
|
|
|
| LEADER |
00000nab a2200000ua 4500 |
| 001 |
vtls010748410 |
| 003 |
SK-MaSNL |
| 005 |
20260304202602.0 |
| 008 |
250718s1974 xo |||||||||||||||||slo| |
| 035 |
|
|
|a (urnnbn)urn:nbn:sk:snk:ar-a02a2a
|
| 035 |
|
|
|a (uuid)59975a81-b13f-40b4-bbd6-7354b8bcbc31
|
| 035 |
|
|
|a urn:nbn:sk:snk-ab4isf
|
| 040 |
|
|
|a SNKBUCL
|b slo
|c SNKBUCL
|e AACR2
|
| 041 |
0 |
|
|a eng
|
| 044 |
|
|
|a xo
|c SK
|
| 100 |
1 |
|
|a Valenta, V.
|4 aut
|9 266772
|
| 245 |
1 |
0 |
|a Comparative Virology
|c V. Valenta
|
| 773 |
0 |
|
|t Acta virologica
|g Roč. 18, č. 3 (1974), s. 271-272
|
| 850 |
|
|
|a Slovenská národná knižnica
|
| 852 |
|
|
|a Slovenská národná knižnica
|
| 958 |
|
|
|a article3
|
| 958 |
|
|
|a OND
|
| 958 |
|
|
|a EUIPO
|
| 999 |
|
|
|c 3104067
|d 3105997
|